<?xml version='1.0' encoding='UTF-8'?>
  <record xmlns="http://www.loc.gov/MARC21/slim">
    <leader>00000ctm a22000007a 4500</leader>
    <controlfield tag="001">ocn965407746</controlfield>
    <controlfield tag="003">OCoLC</controlfield>
    <controlfield tag="005">20250301115257.9</controlfield>
    <controlfield tag="008">150430q15201530be            000 0 frm d</controlfield>
    <datafield tag="040" ind1=" " ind2=" ">
      <subfield code="a">QGJ</subfield>
      <subfield code="b">dut</subfield>
      <subfield code="c">QGJ</subfield>
      <subfield code="d">QGJ</subfield>
      <subfield code="d">OCLCL</subfield>
      <subfield code="d">OCLCQ</subfield>
    </datafield>
    <datafield tag="035" ind1=" " ind2=" ">
      <subfield code="a">(OCoLC)965407746</subfield>
    </datafield>
    <datafield tag="041" ind1="1" ind2=" ">
      <subfield code="a">frm</subfield>
      <subfield code="k">dum</subfield>
      <subfield code="h">lat</subfield>
    </datafield>
    <datafield tag="044" ind1=" " ind2=" ">
      <subfield code="a">be</subfield>
      <subfield code="a">fr</subfield>
    </datafield>
    <datafield tag="100" ind1="0" ind2=" ">
      <subfield code="a">Iohannes,</subfield>
      <subfield code="c">a Leydis, O.Carm., Carmeliet, prior te Haarlem, chroniqueur,</subfield>
      <subfield code="d">-1504,</subfield>
      <subfield code="e">author.</subfield>
      <subfield code="4">aut</subfield>
      <subfield code="1">https://id.oclc.org/worldcat/entity/E39PBJdgW39gbCvCkWDKkpqG73</subfield>
    </datafield>
    <datafield tag="240" ind1="1" ind2="0">
      <subfield code="a">Cronica illustrium dominorum de Brederueden.</subfield>
      <subfield code="l">Middle French.</subfield>
    </datafield>
    <datafield tag="245" ind1="1" ind2="0">
      <subfield code="a">Chroniques et gestes des nobles Seigneurs de Brederode /</subfield>
      <subfield code="c">Johannes de Leydis.</subfield>
      <subfield code="f">UBU Hs. 3 L 15.</subfield>
    </datafield>
    <datafield tag="260" ind1=" " ind2=" ">
      <subfield code="a">[Southern Netherlands or Northern France (Hainault or Picardy?)],</subfield>
      <subfield code="c">[c. 1520-1530]</subfield>
    </datafield>
    <datafield tag="300" ind1=" " ind2=" ">
      <subfield code="a">60 fols. :</subfield>
      <subfield code="c">278 x 195 mm.</subfield>
    </datafield>
    <datafield tag="336" ind1=" " ind2=" ">
      <subfield code="a">text</subfield>
      <subfield code="b">txt</subfield>
      <subfield code="2">rdacontent</subfield>
    </datafield>
    <datafield tag="337" ind1=" " ind2=" ">
      <subfield code="a">unmediated</subfield>
      <subfield code="b">n</subfield>
      <subfield code="2">rdamedia</subfield>
    </datafield>
    <datafield tag="338" ind1=" " ind2=" ">
      <subfield code="a">volume</subfield>
      <subfield code="b">nc</subfield>
      <subfield code="2">rdacarrier</subfield>
    </datafield>
    <datafield tag="340" ind1=" " ind2=" ">
      <subfield code="a">paper</subfield>
      <subfield code="k">1 column, 33-36 lines, littera cursiva.</subfield>
    </datafield>
    <datafield tag="500" ind1=" " ind2=" ">
      <subfield code="a">Preliminary title.</subfield>
    </datafield>
    <datafield tag="500" ind1=" " ind2=" ">
      <subfield code="a">Date based on watermarks.</subfield>
    </datafield>
    <datafield tag="524" ind1=" " ind2=" ">
      <subfield code="a">Cite as: Universiteitsbibliotheek Utrecht Hs. 3 L 15.</subfield>
    </datafield>
    <datafield tag="546" ind1=" " ind2=" ">
      <subfield code="a">Middle French translation of "Chroniken ende gesten van de heeren van Brederode", which is a Middle Dutch translation of the original Latin "Cronica illustrium dominorum de Brederueden".</subfield>
    </datafield>
    <datafield tag="581" ind1=" " ind2=" ">
      <subfield code="a">M. Carasso-Kok, Repertorium van verhalende historische bronnen uit de middeleeuwen. Heiligenlevens, annalen, kronieken en andere in Nederland geschreven verhalende bronnen. 's-Gravenhage 1981. (= Bibliografische reeks van het Nederlands Historisch Genootschap 2). p. 330 nr. 304.</subfield>
    </datafield>
    <datafield tag="581" ind1=" " ind2=" ">
      <subfield code="a">H. Bruch &amp; R.E.V. Stuip, 'Een Franse kroniek van de heren van Brederode', in: Holland. Regionaal-historisch tijdschrift 16 (1984), p. 35-42. P. 35-42.</subfield>
    </datafield>
    <datafield tag="581" ind1=" " ind2=" ">
      <subfield code="a">T. Porck, 'De Brederodekroniek voor Yolande van Lalaing', in: Yolande van Lalaing (1422-1497), kasteelvrouwe van Brederode. Red. E. den Hartog &amp; H. Wijsman. [Haarlem] 2009, p. 37 - 67. (= Jaarboek van de Kastelenstichting Holland en Zeeland 2009). P. 40.</subfield>
    </datafield>
    <datafield tag="581" ind1=" " ind2=" ">
      <subfield code="a">R. Stuip, 'Brederode et Lalaing. Les Lalaing dans une chronique Hollandaise,' in: Nord 25 (1995), p. 29-38. p. 29-38.</subfield>
    </datafield>
    <datafield tag="530" ind1=" " ind2=" ">
      <subfield code="a">Also available in online version.</subfield>
    </datafield>
    <datafield tag="541" ind1=" " ind2=" ">
      <subfield code="d">197611.</subfield>
      <subfield code="5">NL-UtRU</subfield>
    </datafield>
    <datafield tag="655" ind1=" " ind2="7">
      <subfield code="a">Handschriften (vorm)</subfield>
      <subfield code="0">088143309</subfield>
      <subfield code="2">gtt</subfield>
    </datafield>
    <datafield tag="700" ind1="1" ind2=" ">
      <subfield code="a">Deny, Georges A.</subfield>
      <subfield code="e">former owner.</subfield>
      <subfield code="4">fmo</subfield>
      <subfield code="5">NL-UtRU</subfield>
    </datafield>
    <datafield tag="776" ind1="0" ind2="8">
      <subfield code="i">Online version:</subfield>
      <subfield code="a">Johannes de Leydis.</subfield>
      <subfield code="t">Chroniques et gestes des nobles Seigneurs de Brederode.</subfield>
      <subfield code="d">[Southern Netherlands or Northern France (Hainault or Picardy?)], [c. 1520-1530]</subfield>
    </datafield>
    <datafield tag="856" ind1="4" ind2="1">
      <subfield code="u">http://objects.library.uu.nl/reader/resolver.php?obj=002658635&amp;type=2</subfield>
      <subfield code="x">Online</subfield>
      <subfield code="z">Full text</subfield>
    </datafield>
    <datafield tag="936" ind1=" " ind2=" ">
      <subfield code="a">BATCHLOAD</subfield>
    </datafield>
  </record>